000 00299nam a2200121Ia 4500
008 190802s9999 xx 000 0 und d
020 _a978-93-325-8447-1
100 _aGary Armstrong
245 0 _aMarketing an introduction
260 _aNew Delhi
_bPearson
_c2017
300 _a669:p
942 _cBK
999 _c2252
_d2252